00624nam a2200205Ia 450000500170000000800410001702000150005808200130007310000130008624500800009926000530017930000200023265000080025265000120026065000160027265000140028894200060030295200950030899900150040320240909031644.0240331s9999 xx 000 0 und d a0521359961 bCroa700 aCroce, B 4aThe aesthetic as the science of expression and of the linguistic in general aUnited KingdombCambridge University Pressc1992 axxxiv, 172 p ., aArt aHistory aTheoretical aAesthetic cL 001040708LaWERCLbWERCLcSSCd2024-03-31l0o 700 Crop2849r2024-03-31w2024-03-31yL c3050d3050